Loading...
| Current Events | 1 | 10.00 | 100% | 0% | 0% |
| Fine Arts - Classical Music | 1 | 0.00 | 0% | 0% | 0% |
| Fine Arts - Other | 1 | 10.00 | 100% | 0% | 0% |
| Fine Arts - Painting and Sculpture | 1 | 0.00 | 0% | 0% | 0% |
| History - American | 1 | 10.00 | 0% | 100% | 0% |
| History - European | 3 | 10.00 | 100% | 0% | 0% |
| History - World | 2 | 5.00 | 50% | 0% | 0% |
| Literature - American | 1 | 20.00 | 100% | 0% | 100% |
| Literature - British | 2 | 5.00 | 50% | 0% | 0% |
| Literature - European | 1 | 10.00 | 100% | 0% | 0% |
| Literature - World | 2 | 10.00 | 50% | 50% | 0% |
| Mythology | 1 | 10.00 | 100% | 0% | 0% |
| Philosophy | 2 | 10.00 | 50% | 50% | 0% |
| Religion | 2 | 10.00 | 100% | 0% | 0% |
| Science - Chemistry | 2 | 0.00 | 0% | 0% | 0% |
| Science - Other | 3 | 3.33 | 33% | 0% | 0% |
| Science - Physics | 2 | 0.00 | 0% | 0% | 0% |
| Social Science | 2 | 10.00 | 100% | 0% | 0% |